|
|
|
|
| LEADER |
01597nam a22003497a 4500 |
| 001 |
34695 |
| 003 |
BD-DhAAL |
| 005 |
20190624164523.0 |
| 008 |
190520t2016 bg w 000 0 eng d |
| 999 |
|
|
|c 40754
|d 40754
|
| 040 |
|
|
|a BD-DhAAL
|c BD-DhAAL
|d BD-DhAAL
|
| 082 |
0 |
0 |
|a 348.5492046
|2 21
|
| 130 |
0 |
|
|a DLR
|9 3861
|
| 222 |
|
0 |
|a The Dhaka Law Reports
|
| 245 |
0 |
4 |
|a The Dhaka Law Reports :
|b a monthly law journal, volume no. 67 /
|c founder editor : Obaidul Huq Chowdhury; editor : Khurshid Alam Khan
|
| 246 |
1 |
7 |
|a The Dhaka Law Reports.
|
| 260 |
|
|
|a Dhaka :
|b Dhaka Law Reports,
|c 2015
|
| 362 |
0 |
|
|a Vol. 67
|
| 500 |
|
|
|a Table of cases of the Appellate Devision of the Supreme Court of Bangladesh.
|
| 500 |
|
|
|a "A journal of law reports."
|
| 500 |
|
|
|a Latest issue consulted: Vol. LXVIII, January to December, 2016
|
| 526 |
|
|
|a SOL
|
| 541 |
|
|
|a Hye Trade International
|e 34695, 34694
|
| 590 |
|
|
|a Published yearly.
|
| 650 |
|
0 |
|a Law reports, digests, etc.
|z Bangladesh.
|9 3862
|
| 650 |
|
0 |
|a Law reports, digests, etc.
|z India
|z Bengal.
|9 3863
|
| 710 |
1 |
|
|a Chowdhury, Obaidul Huq.
|9 3864
|
| 710 |
1 |
|
|a Khurshid Alam, Khan
|9 31671
|
| 852 |
4 |
|
|a Ayesha Abed Library
|
| 942 |
|
|
|2 ddc
|c 1HOUR
|0 3
|
| 952 |
|
|
|0 0
|1 0
|2 ddc
|4 0
|6 348_549204600000000_DHA
|7 0
|9 65463
|a BRACUL
|b BRACUL
|c REF
|d 2019-05-09
|e Hye Trade International
|g 1148.00
|l 0
|o 348.5492046 DHA
|p 3010034694
|r 2019-05-09
|t 2
|v 1148.00
|w 2019-05-09
|y 1HOUR
|
| 952 |
|
|
|0 0
|1 0
|2 ddc
|4 0
|6 348_549204600000000_DHA
|7 0
|9 65464
|a BRACUL
|b BRACUL
|c REF
|d 2019-05-09
|e Hye Trade International
|g 1148.00
|l 0
|o 348.5492046 DHA
|p 3010034693
|r 2019-05-09
|t 1
|v 1148.00
|w 2019-05-09
|y 1HOUR
|